[Event "Bucaramanga Santander-ch"]
[Site "Bucaramanga"]
[Date "2024.03.08"]
[Round "1"]
[White "Sandoval, Cesar Leonardo"]
[Black "Osorio Colmenares, Miguel Angel"]
[Result "1-0"]
[WhiteElo "1761"]
[BlackElo "1484"]
[PlyCount "67"]
[EventDate "2024.03.08"]
[EventType "swiss"]
[EventRounds "7"]
[EventCountry "COL"]
[SourceTitle "CB13_2024"]
[SourceDate "2024.03.27"]
[SourceVersion "1"]
[SourceVersionDate "2024.03.27"]
[SourceQuality "1"]

1. d4 d5 2. c4 c6 3. Nf3 Nf6 4. e3 Bf5 5. Nc3 e6 6. Qb3 Qc7 7. Be2 Be7 8. 0-0 0-0 9. h3 Nbd7 10. Bd2 dxc4 11. Bxc4 b5 12. Be2 a6 13. Nh4 c5 14. Nxf5 exf5 15. Rfc1 c4 16. Qc2 g6 17. b3 b4 18. Na4 c3 19. a3 Qb7 20. Be1 a5 21. f3 Rab8 22. Bg3 Rbc8 23. Bd3 Nd5 24. Qe2 Bg5 25. f4 Bh6 26. Ba6 Qc7 27. Bxc8 Qxc8 28. Bf2 Re8 29. Qd3 N7f6 30. Nc5 Ne4 31. Nxe4 fxe4 32. Qb5 Qe6 33. axb4 axb4 34. Ra6 1-0